书目信息 |
| 题名: |
化学肥料和农药
|
|
| 作者: | ;四川省工业建设经验交流展览会 编 | |
| 分册: | ||
| 出版信息: | 重庆 重庆人民出版社 1958 |
|
| 页数: | 58页 | |
| 开本: | 20cm | |
| 丛书名: | ||
| 单 册: | ||
| 中图分类: | TQ44 | |
| 科图分类: | ||
| 主题词: | 化学肥料 , 肥料工业 | |
| 电子资源: | ||
| ISBN: | ||
| 000 | 00660nam0 2200193 450 | |
| 001 | 0638481496 | |
| 005 | 20060518104424.21 | |
| 010 | @dCNY0.24 | |
| 100 | @a20060518d1958 km y0chiy0120 ea | |
| 101 | 0 | @achi |
| 200 | 1 | @a化学肥料和农药@Ahua xue fei liao he nong yao@f四川省工业建设经验交流展览会编@Fsi chuan sheng gong ye jian she jing yan jiao liu zhan lan hui bian |
| 210 | @a重庆@c重庆人民出版社@d1958 | |
| 215 | 1 | @a58页@d20cm |
| 606 | 0 | @a化学肥料 |
| 606 | 0 | @a肥料工业 |
| 690 | @aTQ44@v4 | |
| 711 | 0 | @a四川省工业建设经验交流展览会@Asi chuan sheng gong ye jian she jing yan jiao liu zhan lan hui@4编 |
| 801 | 0 | @aCN@bPFT@c20060518 |
| 905 | @a10447@dTQ44@e3 | |
| 化学肥料和农药/四川省工业建设经验交流展览会编.-重庆:重庆人民出版社,1958 |
| 58页;20cm |
| ISBN :CNY0.24 |
| ● |
| 相关链接 |
|
|
|
|
正题名:化学肥料和农药
索取号:TQ44/3
 
预约/预借
| 序号 | 登录号 | 条形码 | 馆藏地/架位号 | 状态 | 备注 |
| 1 | 0018019 | 202348101 | 密集书库/ [索取号:TQ44/3] | 在馆 |